000 00865cam a22002411 4500
001 20236
003 BD-RjUL
005 20211209000534.0
008 140227s1933 enkh 001 0 eng d
035 _a(BD-RjUL)20298
040 _aDLC
_cDLC
_dDLC
_dBD-RjUL
_beng
041 _aeng
082 _a829.1
_bSEV 1933
245 1 4 _aThe seven sages of Rome (southern version) /
_cedited from the mss. by Karl Brunner
260 _aLondon :
_bPub. for the Early English text society by H. Milford, Oxford university press,
_c1933.
300 _axxxi, 233 p. :
_bfront. (facsim.)
_c22 cm.
490 0 _aEarly English text society. Original series, no. 191. 1933 (for 1932))
650 _a Seven sages of Rome -- Adaptations.
_962380
700 1 _aBrunner, Karl,
_d1887-1965,
_eed.
_962381
942 _2ddc
_cBK
999 _c20236
_d20236